header

Digital sports photography (Record no. 55209)

MARC details
000 -LEADER
fixed length control field 01176nam a2200289Ia 4500
082 04 - DEWEY DECIMAL CLASSIFICATION NUMBER
Classification number 778.9/9796
100 1# - MAIN ENTRY--AUTHOR NAME
Personal name Lowrance, G. Newman.
245 10 - TITLE STATEMENT
Title Digital sports photography
260 ## - PUBLICATION, DISTRIBUTION, ETC. (IMPRINT)
Place of publication Boston, MA :
Name of publisher Thomson Course Technology PTR,
Year of publication c2005.
300 ## - PHYSICAL DESCRIPTION
Number of Pages 256 p.
650 #0 - SUBJECT ADDED ENTRY--TOPICAL TERM
Topical Term Photography of sports.
Topical Term Photography
856 40 - ELECTRONIC LOCATION AND ACCESS
Uniform Resource Identifier http://site.ebrary.com/lib/rucke/Doc?id=10082052

No items available.

© 2026 Rongo University
Contact us: librarian | system librarian | Rongo university